000 00387nam a2200157Ia 4500
008 220803s9999 xx 000 0 und d
020 _a81-222-0014-1
041 _aeng
082 _a658 DEV
100 _aDevi S
_916781
245 _aPuzzles To Puzzles You.
260 _aNew Delhi
_bOrient Paperbacks
_c2003
300 _a144p
500 _aArchitecture
650 _aManagement
_916782
999 _c11969
_d11969